| Tag |
First Indicator |
Second Indicator |
Subfields |
| LEADER |
00000cam a2200000 a 4500 |
| 001 |
in00000097054 |
| 005 |
20160108111040.0 |
| 008 |
800717s1980 vau b 00010 eng d |
| 035 |
|
|
|a (OCoLC)06522345
|
| 035 |
|
|
|9 AAK8926AM
|
| 040 |
|
|
|a XBM
|c XBM
|d TXA
|d UtOrBLW
|
| 049 |
|
|
|a TXAM
|c [1655950]
|
| 090 |
|
|
|a GV1588.3
|b T55
|
| 100 |
1 |
|
|a Thomas, Carolyn Elise,
|d 1943-
|
| 245 |
1 |
0 |
|a Aesthetics and dance /
|c Carolyn E. Thomas.
|
| 264 |
|
1 |
|a Reston, Va. :
|b National Dance Association,
|c [1980]
|
| 264 |
|
4 |
|c ©1980
|
| 300 |
|
|
|a v, 30 pages ;
|c 28 cm.
|
| 336 |
|
|
|a text
|b txt
|2 rdacontent
|
| 337 |
|
|
|a unmediated
|b n
|2 rdamedia
|
| 338 |
|
|
|a volume
|b nc
|2 rdacarrier
|
| 490 |
1 |
|
|a AAHPERD publications
|
| 504 |
|
|
|a Includes bibliographies.
|
| 650 |
|
0 |
|a Dance
|x Philosophy.
|
| 830 |
|
0 |
|a AAHPER publications.
|
| 999 |
|
|
|a MARS
|
| 999 |
f |
f |
|s 1a0df5d5-d14d-342b-ac46-57e6e686ba5c
|i 640d5ea1-0dfc-3aac-9b37-b2a537e493f3
|t 0
|
| 952 |
f |
f |
|p ric
|a Texas A&M University
|b Rellis Campus
|c Joint Library Facility
|d Remote Storage
|t 0
|e GV1588.3 T55
|h Library of Congress classification
|i unmediated -- volume
|m A14806040631
|
| 998 |
f |
f |
|a GV1588.3 T55
|t 0
|l Remote Storage
|